000 00360nam a2200109Ia 4500
008 230320s9999||||xx |||||||||||||| ||spa||
082 _a268.434/E69/1
100 _aEquipos Diocesanos De La Catequesis De Adultos
245 0 _aCatequesis De Adultos De Inspiración Catecumenal: A La Búsqueda Del Dios Vivo Hacia La Fe Inicial
260 _bPPC
942 _80
_cLIB
999 _c46466
_d46466